000 00323nam a2200133Ia 4500
008 151213s9999 xx 000 0 und d
100 _aDavid B. Pirie
245 _aShelly
_cDavid B. Pirie
260 _aNew Dhilhi
_bViva Books
_c2003
300 _a1878 p.
650 _aEnglish
700 _aDavid B. Pirie
999 _c1383
_d1383